| 000 | 00512nam a22001817a 4500 | ||
|---|---|---|---|
| 003 | OSt | ||
| 005 | 20170518100924.0 | ||
| 008 | 160801b xxu||||| |||| 00| 0 eng d | ||
| 020 | _a826415318 | ||
| 040 |
_aMMU _beng _cMMU _dMMU |
||
| 100 | _aMiller Vincent J. | ||
| 245 |
_aConsuming religion _bchristian faith and practisce in aconsumer culture/ _cVincent J.Miller |
||
| 260 |
_aNew York: _bContinuum, _c2004 |
||
| 300 | _avii,256p. | ||
| 500 | _aincludes index | ||
| 650 | _aconsuming | ||
| 942 |
_2lcc _cLOAN LOAN |
||
| 999 |
_c18517 _d18517 |
||